| 000 | 01299nam2a22002411 4500 | ||
|---|---|---|---|
| 001 | rc\2382971 | ||
| 005 | 20250623014835.0 | ||
| 035 | _a(NLR Aleph) 006516515 | ||
| 090 |
_a6384785 _c6384785 |
||
| 100 | _a20110829d1978 |||y0rusy50 ca | ||
| 101 | 0 | _arus | |
| 102 | _aRU | ||
| 105 | _ay z ||||| | ||
| 200 | 0 | _a[Вып. 1] | |
| 210 |
_aМосква _cМИНХ _d1978 |
||
| 215 | _a156 с. | ||
| 461 | 0 |
_1001rc\2382970 _12001#$aФинансовые методы повышения эффективности общественного производства$e[Сб. статей]$fМоск. ин-т нар. хоз-ва им. Г.В. Плеханова$g[Редкол.: В.С. Сиренко (отв. ред.) и др.]$v[Вып. 1] _95413831 _cМосква _d1978 _fМоск. ин-т нар. хоз-ва им. Г.В. Плеханова _nМИНХ _o[Сб. статей] _tФинансовые методы повышения эффективности общественного производства _v[Вып. 1] |
|
| 801 | 0 |
_aRU _bNLR _gpsbo |
|
| 801 | 1 |
_aRU _bELAR _2rusmarc |
|
| 830 | _aС вып. 2 (1979) хранится в журнальном фонде. См. каталог перодических изданий. Шифр: П 22/4918 | ||
| 852 |
_aNLR _j79-3/2192 |
||
| 942 | _cBOOK | ||
| 980 | _aNB | ||